| 000 | 00688nam a22001937a 4500 | ||
|---|---|---|---|
| 003 | OSt | ||
| 005 | 20260508011939.0 | ||
| 008 | 260505b |||||||| |||| 00| 0 eng d | ||
| 020 | _a971-42-0669-3 | ||
| 040 |
_aDWCL-Main Lib _cOC |
||
| 082 |
_2Revised edition. _aFil. 500 D491s 2006 |
||
| 100 | _aDe Vera, Miriam P. | ||
| 245 |
_aIntegrated science : _b science fundamentals for high school I / _cDe Vera, Miriam P. |
||
| 260 |
_aBulacan : _bTrinitas Publishing, _cc2006. |
||
| 300 |
_ax , 259 pages : _billustrations ; _c26 cm. |
||
| 504 | _aIncludes bibliographical references and index. | ||
| 650 | _aScience--Study and teaching. | ||
| 942 |
_2ddc _cBK-FIL _eRevised edition. _mFil. _n0 |
||
| 999 |
_c10248 _d10248 |
||